000
00333nam a2200133Ia 4500
008
230717s9999 xx 000 0 und d
020
_a
81-87629-36-X
041
_a
eng
082
_a
342
_b
SIN
100
_a
Singhvi
245
_a
Constitution Of India Vol-iii
250
_a
2ed.
260
_a
New Delhi
_b
Modern Law Publications
_c
2006
999
_c
672163
_d
672163